000 00907nam a2200277 i 4500
003 EG-GICUC
005 20260425075327.0
008 260425s1981 us ||||fr|||| 001 0 eng d
040 _aEG-GiCUC
_beng
_cEG-GiCUC
_dEG-GiCUC
_eRda
082 0 4 _221
_a343.61
_bJO . R
092 0 4 _221
099 _aLaw1 10 343.61 JO . R 1981
100 1 _aJohnson,Edwin S.
_eAuthor.
245 1 0 _aResearch Methods In Criminology And Criminal Justice /
_cEdwin S. Johnson.
264 1 _aNew Jersy :
_bPrentice-Hall, Inc,
_c1981.
300 _a418 page ;
_c 24 cm.
336 _2rda contenu
_a texte
337 _2rda medias
_aOrdinateur
338 _2 transporteur rda
_a Ressource en ligne
546 _aText in English
650 1 _aCriminal Law
650 1 _aRules And Methods Of Research In Criminology
856 4 0 _uhttps://fll.law.cu.edu.eg/fulltext/bks/B10-10945.pdf
905 _a59
942 _2ddc
_n0
_cBK
_e21
999 _c73299
_d73299